| 000 | 00917nam a2200217Ia 4500 | ||
|---|---|---|---|
| 003 | OSt | ||
| 005 | 20210511091016.0 | ||
| 008 | 210310s1986 eu fr 000 0 spa d | ||
| 020 | _a1557752451 | ||
| 040 |
_aCO-JMCR _cCO-JMCR |
||
| 041 | 1 |
_aspa _heng |
|
| 082 | 0 | 4 |
_a336.0072 / _bF673m _223 |
| 110 | 2 |
_aFondo Monetario Internacional _937119 |
|
| 245 | 1 | 0 |
_aManual de estadísticas de las finanzas publicas / _cFondo Monetario Internacional |
| 260 |
_aWashington : _bFondo Monetario Internacional, _c1986 |
||
| 300 |
_ax, 361 páginas ; _c28 cm. |
||
| 500 | _aIncluye notas a pie de página y glosario. | ||
| 505 | 0 | _aCobertura -- Selección y preparación de datos -- Marco analítico -- Clasificación -- Relaciones con otros sistemas de datos -- Empresas públicas no financieras y sector público no financiero | |
| 650 | 1 | 4 |
_aFinanzas públicas _915294 _vGuías, manuales, etc. _xEstadísticas |
| 942 |
_2ddc _cBK |
||
| 999 |
_c7732 _d7732 |
||